<?xml version="1.0" encoding="UTF-8"?>
<collection xmlns="http://www.loc.gov/MARC21/slim">
 <record>
  <leader>00738pamaa2200205   4500</leader>
  <controlfield tag="001">0000042669</controlfield>
  <controlfield tag="005">20070911090000.0</controlfield>
  <controlfield tag="008">070911                             eng  </controlfield>
  <datafield tag="020" ind1="0" ind2="0">
   <subfield code="a">2940373124 (pbk.) </subfield>
  </datafield>
  <datafield tag="090" ind1="0" ind2="0">
   <subfield code="a">TS171.4 </subfield>
   <subfield code="b">BES 2006</subfield>
  </datafield>
  <datafield tag="100" ind1="1" ind2="0">
   <subfield code="a">Best </subfield>
  </datafield>
  <datafield tag="245" ind1="1" ind2="0">
   <subfield code="a">Design management : </subfield>
   <subfield code="b">managing design strategy process and implementation  </subfield>
   <subfield code="c">Kathryn Best.</subfield>
  </datafield>
  <datafield tag="260" ind1="0" ind2="0">
   <subfield code="a">Switzerland: </subfield>
   <subfield code="b">AVA Publishing, </subfield>
   <subfield code="c">2006.</subfield>
  </datafield>
  <datafield tag="300" ind1=" " ind2=" ">
   <subfield code="a">215 p.: </subfield>
   <subfield code="b">col. ill.; </subfield>
   <subfield code="c">30 cm..</subfield>
  </datafield>
  <datafield tag="504" ind1="0" ind2="0">
   <subfield code="a">Includes bibliographical references and index</subfield>
  </datafield>
  <datafield tag="650" ind1="0" ind2="0">
   <subfield code="a">Project management </subfield>
  </datafield>
  <datafield tag="650" ind1="0" ind2="0">
   <subfield code="a">Design, Industrial -- </subfield>
   <subfield code="x">Management. </subfield>
  </datafield>
  <datafield tag="650" ind1="0" ind2="0">
   <subfield code="a">Design services -- </subfield>
   <subfield code="x">Management </subfield>
  </datafield>
  <datafield tag="650" ind1="0" ind2="0">
   <subfield code="a">Multidisciplinary design optimization </subfield>
  </datafield>
  <datafield tag="901" ind1=" " ind2=" ">
   <subfield code="u">http://www.understandingdesign.com</subfield>
  </datafield>
 </record>
</collection>
